Environmental Chemistry and Recent Pollution Control Approaches (Record no. 47063)

MARC details
000 -LEADER
fixed length control field 01515nam a2200253Ia 4500
000 - LEADER
fixed length control field 02150naaa 00397uu
001 - CONTROL NUMBER
control field https://directory.doabooks.org/handle/20.500.12854/67155
005 - DATE AND TIME OF LATEST TRANSACTION
control field 20260218105655.0
008 - FIXED-LENGTH DATA ELEMENTS--GENERAL INFORMATION
fixed length control field 211013s9999 xx 000 0 und d
020 ## - INTERNATIONAL STANDARD BOOK NUMBER
International Standard Book Number 9781839680632
024 ## - OTHER STANDARD IDENTIFIER
Standard number or code 10.5772/intechopen.80247
042 ## - AUTHENTICATION CODE
Authentication code dc
100 1# - MAIN ENTRY--PERSONAL NAME
Personal name Saldarriaga-Norena, Hugo
245 #0 - TITLE STATEMENT
Title Environmental Chemistry and Recent Pollution Control Approaches
260 ## - PUBLICATION, DISTRIBUTION, ETC.
Name of publisher, distributor, etc. IntechOpen
Date of publication, distribution, etc. 2019
300 ## - PHYSICAL DESCRIPTION
Extent 1 electronic resource (224 p.)
520 ## - SUMMARY, ETC.
Summary, etc. In recent years, there have been significant advances in the techniques of sampling and analysis, which has allowed the more accurate recording of environmental levels of many substances present in the environment. At the same time, processes for the remediation of contaminated matrices have evolved, through the application and/or combination of biological, physical, and chemical procedures.The purpose of this book is to present new studies aimed at determining levels of environmental pollution in various parts of the world. It also shows new alternatives for the remediation of contaminated matrices.
540 ## - TERMS GOVERNING USE AND REPRODUCTION NOTE
Terms governing use and reproduction Creative Commons
653 ## - INDEX TERM--UNCONTROLLED
Uncontrolled term Pollution & threats to the environment
700 1# - ADDED ENTRY--PERSONAL NAME
Personal name Alfonso Murillo-Tovar, Mario
856 ## - ELECTRONIC LOCATION AND ACCESS
Uniform Resource Identifier <a href="https://docs.google.com/spreadsheets/d/1yKIrdCPDAG_9c22mwoOIO2DOhtj65Wqa/edit?usp=sharing&ouid=106555315294820607512&rtpof=true&sd=true ">https://docs.google.com/spreadsheets/d/1yKIrdCPDAG_9c22mwoOIO2DOhtj65Wqa/edit?usp=sharing&ouid=106555315294820607512&rtpof=true&sd=true </a>
Link text List of Curated E-Books
942 ## - ADDED ENTRY ELEMENTS (KOHA)
Koha item type E-Book
Holdings
Withdrawn status Source of classification or shelving scheme Damaged status Not for loan Home library Current library Date acquired Total Checkouts Date last seen Price effective from Koha item type
  Library of Congress Classification   Not For Loan Directory of Open Access Books Directory of Open Access Books 12/22/2021   12/22/2021 12/22/2021 E-Book

University of Rizal System
Email us at univlibservices@urs.edu.ph

Visit our Website www.urs.edu.ph/library